Top 50 Most Subscribed YouTube Channels - Statistics

General Stats
  • This quiz has been taken 53 times
  • The average score is 15 of 50
Answer Stats
Brand Account? Country Subscribers Channel Category % Correct
251 m MrBeast Entertainment
92%
111 m PewDiePie Gaming
86%
263 m T-Series Music
84%
67 m T-Series Bhakti Sagar Music
84%
174 m Cocomelon - Nursery Rhymes Education
49%
72.8 m Justin Bieber Music
49%
57.2 m Taylor Swift Music
39%
101 m WWE Sports
39%
93.4 m Blackpink Music
37%
60.1 m Dude Perfect Sports
37%
171 m SET India Entertainment
33%
/ 114 m Like Nastya Entertainment
31%
/ 116 m Vlad and Niki Entertainment
29%
77.8 m BANGTANTV Music
27%
54.5 m Ed Sheeran Music
27%
59.4 m Eminem Music Music
27%
74.4 m HYBE Labels Music
27%
59.7 m Sony Music India Music
27%
49.8 m SonyMusicIndiaVEVO Music
27%
90.9 m Sony SAB Entertainment
27%
106 m Zee Music Company Music
27%
79.2 m Zee TV Entertainment
27%
80.6 m 5-Minute Crafts How-to
24%
95.9 m Goldmines Film
24%
/ 121 m Kids Diana Show Entertainment
24%
53.1 m A4 Entertainment
22%
52.4 m ARY Digital HD Entertainment
22%
67 m Canal KondZilla Music
22%
63.6 m El Reino Infantil Music
22%
50.2 m Get Movies Film
22%
52.3 m HAR PAL GEO Entertainment
22%
54 m Ariana Grande Music
20%
90.8 m ChuChu TV Nursery Rhymes & Kids Songs Education
20%
56.5 m LooLoo Kids Music
20%
57 m Marshmello Music
20%
61 m Movieclips Film
20%
80 m Pinkfong Education
20%
52.7 m Shemaroo Entertainment
20%
68.1 m Shemaroo Filmi Gaane Music
20%
65 m Tips Official Music
20%
54.2 m Toys and Colors Entertainment
20%
52.6 m ZAMZAM ELECTRONICS TRADING People
20%
63.2 m Aaj Tak News
18%
49.3 m Billie Eilish Music
18%
56.4 m BillionSurpriseToys Education
18%
71.7 m Colors TV Entertainment
18%
61.2 m Infobells - Hindi Entertainment
18%
61.5 m Wave Music Music
18%
59.2 m YRF Music
18%
49.7 m JuegaGerman Gaming
16%
No matching quizzes found
Score Distribution
Percent of People with Each Score
Percentile by Number Answered
Your Score History
You have not taken this quiz